000 00381nam a2200133Ia 4500
008 220217s9999 xx 000 0 und d
245 0 _aRubber and plastics hoses- Sub-ambient temperature flexibility tests.
260 _c1989
500 _aStandard number: IS 12656 ISO 1746; 1983
650 _aFlexibility test
650 _aPlastic hose
650 _aRubber hose
942 _cST
999 _c73532
_d73532